=LDR 00000nam 2200000 4500 =001 INLIS000000000006475 =005 20251110104516 =035 ##$$a 0010-1125000349 =007 ta =008 251110###########################0#ind## =082 ##$$a 201.73 =084 ##$$a 201.73 CYN t =100 #$$a Cynthia Taft Morris =245 1#$$a The Religious Factor In Economic Development /$c Badan Koordinasi Keluarga Berencana Nasional =260 ##$:$b Badan Koordinasi Keluarga Berencana Nasional,$c 1980 =300 ##$$a 11 Hal : $b Ilus ; $c 21 =650 #4$$a Keluarga Berencana =700 #$$a Irma Adelman =856 ##$$a Perpustakaan Kemendukbangga